Хедхантеры

Bibliographic Details
Main Author: Боярский А. Алексей
Summary:Второе издание первой и единственной на сегодня художественной книги о жизни и работе хедхантеров — специалистов по поиску и подбору высококлассного персонала. Главные герои — четверка молодых ребят, совладельцев хедхантингового агентства, в процессе своей работы постоянно ввязываются в авантюрные и даже немного детективные истории. Справиться с самыми сложными заказами, решить все попутные проблемы им помогает командная взаимовыручка, авантюризм и, конечно, чувство юмора. Новое издание дополнено ранее не опубликованным сюжетом из жизни главных героев, а также ироничными рассказами о буднях и праздниках работников служб персонала и прочих офисных сотрудников. Книга не только развлечет и добавит хорошего настроения, но и раскроет некоторые секреты жизни и работы "охотников за головами". Тем более что в этих авантюрно-детективных сюжетах работа переплетается с любовью. Книга рекомендуется в качестве познавательного и развлекательного чтения для самого широкого круга читателей любых возрастов и профессий. Имена персонажей и названия отечественных компаний — вымышленные. Совпадения с названиями существующих организаций прошу считать случайными (вряд ли еще в русском языке остались членораздельные слова и сочетания, на которые не зарегистрировали юридическое лицо).
Language:Russian
Published: Москва, КноРус, 2011
Edition:2-е изд.
Series:Финансовые войны
Subjects:
Format: MixedMaterials Book
KOHA link:https://koha.lib.tpu.ru/cgi-bin/koha/opac-detail.pl?biblionumber=198469

MARC

LEADER 00000nam0a2200000 4500
001 198469
005 20231031184008.0
010 |a 9785406014837 
035 |a (RuTPU)RU\TPU\book\216459 
090 |a 198469 
100 |a 20110629d2011 m y0rusy50 ca 
101 0 |a rus 
102 |a RU 
105 |a y z 000ay 
200 1 |a Хедхантеры  |f А. Боярский 
205 |a 2-е изд. 
210 |a Москва  |c КноРус  |c ЦИПСиР  |d 2011 
215 |a 336 с. 
225 1 |a Финансовые войны 
330 |a Второе издание первой и единственной на сегодня художественной книги о жизни и работе хедхантеров — специалистов по поиску и подбору высококлассного персонала. Главные герои — четверка молодых ребят, совладельцев хедхантингового агентства, в процессе своей работы постоянно ввязываются в авантюрные и даже немного детективные истории. Справиться с самыми сложными заказами, решить все попутные проблемы им помогает командная взаимовыручка, авантюризм и, конечно, чувство юмора. Новое издание дополнено ранее не опубликованным сюжетом из жизни главных героев, а также ироничными рассказами о буднях и праздниках работников служб персонала и прочих офисных сотрудников. Книга не только развлечет и добавит хорошего настроения, но и раскроет некоторые секреты жизни и работы "охотников за головами". Тем более что в этих авантюрно-детективных сюжетах работа переплетается с любовью. Книга рекомендуется в качестве познавательного и развлекательного чтения для самого широкого круга читателей любых возрастов и профессий. Имена персонажей и названия отечественных компаний — вымышленные. Совпадения с названиями существующих организаций прошу считать случайными (вряд ли еще в русском языке остались членораздельные слова и сочетания, на которые не зарегистрировали юридическое лицо). 
610 1 |a русская литература 
610 1 |a детективы 
610 1 |a приключения 
610 1 |a хедхантинг 
675 |a Р2  |v 3 
700 1 |a Боярский  |b А.  |g Алексей 
801 1 |a RU  |b 63413507  |c 20110629 
801 2 |a RU  |b 63413507  |c 20111031  |g RCR 
942 |c BK 
959 |a 63/20110629  |d 1  |e 230,00  |f ЧЗГЛ:1